Urbanisticko-architektonická príručka pre výstavbu rodinných domov v SSR

Salvato in:
Dettagli Bibliografici
Natura: Libro
Lingua:slovacco
Pubblicazione: Bratislava : Slovenská komisia pre vedeckotechnický a investičný rozvoj, 1985
Tags: Aggiungi Tag
Nessun Tag, puoi essere il primo ad aggiungerne!!

MARC

LEADER 00000nam a22000003a 4500
001 stu231529
005 20150408164601.7
008 110713s1985----xo------------------slo-d
040 |a STU  |b slo 
041 0 |a slo 
044 |a xo 
245 |a Urbanisticko-architektonická príručka pre výstavbu rodinných domov v SSR 
260 |a Bratislava :  |b Slovenská komisia pre vedeckotechnický a investičný rozvoj,  |c 1985 
300 |a 67 s 
996 |b 284V034722  |c V*5650/K-1091e  |l VVT  |s A  |a 24  |w stu231529_0001